000 00286nam a2200145Ia 4500
100 _aJoseph/Anjali
650 _aFiction
942 _cBK
245 _aSaraswati Park
260 _bHarper collins
_c2010
082 _a808.8
_bJOS
300 _a261
546 _aENGLISH
999 _c33872
_d33872